SEXUALIZED VIOLENCE AGAINST WOMEN AND CHILDREN (Record no. 33783)

MARC details
000 -LEADER
fixed length control field 00350nam a22001337a 4500
003 - CONTROL NUMBER IDENTIFIER
control field SGT
020 ## - INTERNATIONAL STANDARD BOOK NUMBER
International Standard Book Number 9781593850616
082 ## - DEWEY DECIMAL CLASSIFICATION NUMBER
Classification number 362.88
Item number CLI
100 ## - MAIN ENTRY--PERSONAL NAME
Personal name CLING B J
245 ## - TITLE STATEMENT
Title SEXUALIZED VIOLENCE AGAINST WOMEN AND CHILDREN
Remainder of title A PSYCHOLOGY AND LAW PERSPECTIVE
260 ## - PUBLICATION, DISTRIBUTION, ETC. (IMPRINT)
Place of publication, distribution, etc NEW YORK
Name of publisher, distributor, etc THE GUILFORD PRESS
Year of Publication 2004
300 ## - PAGE DESCRIPTION
No. of Pages 305
942 ## - ADDED ENTRY ELEMENTS (KOHA)
Source of classification or shelving scheme Dewey Decimal Classification
Koha item type Books
Holdings
Withdrawn status Lost status Source of classification or shelving scheme Damaged status Not for loan Collection code Home library Current library Date acquired SGTU Total Checkouts Full call number Accession No. (Barcode) Date last seen Bill Date Koha item type
    Dewey Decimal Classification   Not For Loan LAW SGT Science & Social Sciences Library SGT Science & Social Sciences Library 30/01/2026 SGTU   362.88 CLI FL3948 30/01/2026 30/01/2026 Books